| 000 | 00545nam a2200181 a 4500 | ||
|---|---|---|---|
| 001 | 3519 | ||
| 005 | 20140414132043.0 | ||
| 008 | 060505s19uu xx 00 eng d | ||
| 020 | _a0-07-569560-X | ||
| 050 |
_aTR 372.4 _bL.2(WW) BLM 2005 |
||
| 245 |
_aWriter's workbook, L. 2 : _bblackline masters. |
||
| 260 |
_aColumbus, Ohio : _bSRA/McGraw-Hill, _c2005. |
||
| 300 | _a139 p. ; cm. | ||
| 440 | _aSRA Open Court Reading, Green | ||
| 526 | _cGrade 2 | ||
| 650 |
_aReading _xStudy and teaching _xActivities _xReproducibles. |
||
| 999 |
_c113910 _d113910 |
||